| 000 | 00356nam a2200145Ia 4500 | ||
|---|---|---|---|
| 008 | 210719s1919 xx 000 0 und d | ||
| 041 | _aeng | ||
| 082 | _a820.12 TAGG | ||
| 100 | _aTAGORE (Rabindranath) | ||
| 245 | _aGardener. | ||
| 260 |
_aCalcutta _bMacmillan & Co. Ltd. _c1919 |
||
| 300 |
_a150 _bHB |
||
| 365 | _cRs | ||
| 650 | _aIndian English Poetry | ||
| 999 |
_c214033 _d214033 |
||